| 000 | 01224nam0a2200313 4500 | ||
|---|---|---|---|
| 001 | RU\NLR\ONL1\12396 | ||
| 005 | 20250613121322.0 | ||
| 035 | _a(NLR Aleph) 009641140 | ||
| 090 |
_a9546477 _c9546477 |
||
| 100 | _a20070919d1934 |||y0rusy50 ca | ||
| 101 | 0 | _amdf | |
| 102 | _aRU | ||
| 105 | _ay ||||||||| | ||
| 135 | _acrcn 024anaba | ||
| 200 | 1 |
_aПрокуратурантень лездыця группат _fВ. П. Ефимочкин |
|
| 210 |
_aМ. _cСоветское законодательство _d1934 |
||
| 215 |
_a50,[2] с. _d15 |
||
| 325 | 1 | _aКопия доступна в электронной библиотеке РНБ | |
| 541 | 1 |
_aГруппы содействия прокуратуре _zrus |
|
| 700 | 1 |
_aЕфимочкин _bВ. П. _4070 |
|
| 801 | 0 |
_aRU _bNLR _c20070919 _gPSBO |
|
| 852 |
_aNLR _bОНЛ _jМорд.э./1-61 |
||
| 901 | _eКнижные издания: ОНЛ | ||
| 942 | _cBOOK | ||
| 980 | _aNB | ||
| 981 | 2 | 3 |
_a(23) Национальные литературы _b(23) Книги на национальных языках |